The pastor in profile / (Record no. 5040)

MARC details
000 -LEADER
fixed length control field 00528nam a2200205Ii 4500
001 - CONTROL NUMBER
control field 2899442
003 - CONTROL NUMBER IDENTIFIER
control field OCoLC
005 - DATE AND TIME OF LATEST TRANSACTION
control field 20181219164908.0
008 - FIXED-LENGTH DATA ELEMENTS--GENERAL INFORMATION
fixed length control field 770419s1958 miu 000 0 eng d
010 ## - LIBRARY OF CONGRESS CONTROL NUMBER
LC control number 58010857
040 ## - CATALOGING SOURCE
Original cataloging agency IDA
Transcribing agency IDA
Modifying agency BSC
082 ## - DEWEY DECIMAL CLASSIFICATION NUMBER
Classification number 253.2
Item number B413P
092 ## - LOCALLY ASSIGNED DEWEY CALL NUMBER (OCLC)
Classification number 253.2
Item number B413p
100 1# - MAIN ENTRY--PERSONAL NAME
Personal name Bedsole, Adolph.
245 14 - TITLE STATEMENT
Title The pastor in profile /
Statement of responsibility, etc. by Adolph Bedsole.
260 ## - PUBLICATION, DISTRIBUTION, ETC.
Place of publication, distribution, etc. Grand Rapids :
Name of publisher, distributor, etc. Baker Book House,
Date of publication, distribution, etc. 1958.
300 ## - PHYSICAL DESCRIPTION
Extent 163 p. :
Dimensions 20 cm.
650 #0 - SUBJECT ADDED ENTRY--TOPICAL TERM
Topical term or geographic name entry element Pastoral theology.
942 ## - ADDED ENTRY ELEMENTS (KOHA)
Source of classification or shelving scheme Dewey Decimal Classification
Koha item type Books
Holdings
Withdrawn status Lost status Source of classification or shelving scheme Damaged status Not for loan Collection code Home library Current library Shelving location Date acquired Cost, normal purchase price Total Checkouts Full call number Barcode Date last seen Price effective from Koha item type
    Dewey Decimal Classification     Non-fiction Harvest Mission College Harvest Mission College General Stacks 19.12.2018 550.00   253.2 B413P 005750 19.12.2018 19.12.2018 Books

OPAC Designed and Maintained by HMC Library Team.
Copyright © HMC Library,Greater Noida, UP.
For any Suggestions/Query Contact library via Email:libhmc@gmail.com